000 00795nac a22001931u 4500
008 100920t xxu||||| |||| 00| 0 eng d
082 _a022.9
100 _a20080729
_919536
111 _4Demco,Inc.
_919537
245 _aDemco Library Suppliers & Furniture :
_b2004 Annual Catalog /
_cDemco Inc.
260 _aMadison,WI :
_bDemco Inc.,
_c2004.
300 _a1v :
_bCol ill. ;
_c31 cm.
500 _aIncludes index
610 _aDemco(Firm)
_xCatalogs
_919538
650 _aLibrary fitting & suppliers
_vcatalogs
_919539
650 _aSchools
_vcatalogs
_xFurniture,equipments,etc.
_919540
942 _cNB
_k022.9
_2ddc
999 _c3139
_d3139